La Contratación local / José Luís González-Berenguer Urrutia
ISBN:
84-7052-093-8
Descripción Física:
742 p. ; 24 cm
MARC
| LEADER | 00000nam a2200000Ia 4500 | ||
|---|---|---|---|
| 001 | 18339 | ||
| 008 | 160829s1982 xx 000 0 cat d | ||
| 020 | |a 84-7052-093-8 | ||
| 080 | |a D-3-128 | ||
| 100 | |a González-Berenguer Urrutia, José Luis |9 23347 | ||
| 245 | |a La Contratación local / José Luís González-Berenguer Urrutia | ||
| 260 | |a Madrid : |b El Consultor de los ayuntamientos y de los juzgados, |c 1982 | ||
| 300 | |a 742 p. ; |c 24 cm | ||
| 650 | |a Contractes administratius |x Espanya |9 23438 | ||
| 650 | 0 | |a Administració local |x Dret i legislació |z Espanya |9 11255 | |
| 710 | 2 | |a Consultor de los Ayuntamiento y de los Juzgados |e entitat editora |9 55140 | |
| 901 | |a Arxiu | ||
| 942 | |n 1 |2 udc | ||
| 952 | |0 1 |1 0 |2 udc |4 0 |5 2 |6 D3128 |7 1 |9 42673 |a Arxiu |b Arxiu |d 2016-12-01 |l 0 |o D-3-128 |p 18339 |r 2016-12-01 00:00:00 |w 2016-12-01 |y ARXIU | ||
| 999 | |c 45179 |d 45179 | ||